[Event "Corr"]
[Site "?"]
[Date "1999.07.30"]
[Round "?"]
[White "Berkley Stephen W"]
[Black "Pljusnin Victor"]
[Result "0-1"]
[WhiteElo "1652"]
[BlackElo "1889"]
[PlyCount "46"]
[EventDate "1999.??.??"]
[Source "www.chesslib.no"]
[SourceDate "2004.05.04"]

1. e4 e5 2. Nc3 Nf6 3. Bc4 Nxe4 4. Qh5 Nd6 5. Bb3 Nc6 6. Nb5 g6 7. Qf3 f5 8. Qd5 Qe7 9. Nxc7+ Kd8 10. Nxa8 b6 11. d3 Bb7 12. h4 f4 13. Qf3 Nd4 14. Qg4 Bxa8 15. Bd2 Bg7 16. O-O-O Bf6 17. Nh3 N6f5 18. Ng5 h5 19. Qh3 Bxg5 20. hxg5 Qxg5 21. g4 Nh6 22. Qh4 Qxh4 23. Rxh4 Nf3 0-1

[Event "ch4 a sq"]
[Site "ch4 a sq"]
[Date "1984.??.??"]
[Round "?"]
[White "Ventura, P."]
[Black "Mauro, Lucio"]
[Result "0-1"]
[WhiteElo "1610"]
[BlackElo "1850"]
[PlyCount "90"]
[EventDate "1984.??.??"]
[Source "www.chesslib.no"]
[SourceDate "2004.05.04"]

1. e4 e5 2. Bc4 Nf6 3. Nc3 Nxe4 4. Qh5 Nd6 5. Bb3 Nc6 6. Nb5 g6 7. Qf3 f5 8. Qd5 Qe7 9. Nxc7+ Kd8 10. Nxa8 b6 11. Nxb6 axb6 12. Qf3 Bb7 13. d3 Nd4 14. Qh3 e4 15. Be3 exd3 16. O-O-O Nxc2 17. Bxb6+ Ke8 18. Nf3 Be4 19. Bc5 Bg7 20. Bxc2 Bxb2+ 21. Kxb2 Nc4+ 22. Kc3 Qxc5 23. Bb3 Na5+ 24. Kd2 Qxf2+ 25. Kc3 Qc5+ 26. Kd2 Nxb3+ 27. axb3 f4 28. Ne1 Qb4+ 29. Kc1 Qc3+ 30. Kb1 Qxb3+ 31. Kc1 Qc3+ 32. Kb1 d2+ 33. Ka2 Qxh3 34. gxh3 Bxh1 35. Nd3 Bd5+ 36. Kb2 g5 37. Rxd2 Be6 38. Rc2 Ke7 39. h4 Rb8+ 40. Kc1 h6 41. hxg5 hxg5 42. Rg2 Bf5 43. Nf2 g4 44. Kd2 f3 45. Rg3 Rb2+ 0-1

[Event "Corr"]
[Site "?"]
[Date "2001.06.28"]
[Round "?"]
[White "Carothers Charles"]
[Black "Gould Michael"]
[Result "1/2-1/2"]
[WhiteElo "1654"]
[BlackElo "1724"]
[PlyCount "47"]
[EventDate "2001.??.??"]
[Source "www.chesslib.no"]
[SourceDate "2004.05.04"]

1. e4 e5 2. Nc3 Nf6 3. Bc4 Nxe4 4. Qh5 Nd6 5. Bb3 Nc6 6. Nb5 g6 7. Qf3 f5 8. Qd5 Qe7 9. Nxc7+ Kd8 10. Nxa8 b6 11. d3 Bb7 12. h4 f4 13. Nxb6 axb6 14. Qf3 Nd4 15. Qg4 h5 16. Qxg6 Rh7 17. Rh2 Rg7 18. Qxh5 Bxg2 19. Bd2 Bc6 20. O-O-O Rh7 21. Qg4 Rg7 22. Qh5 Rh7 23. Qg4 Rg7 24. Qh5 1/2-1/2

[Event "France (championnat Pupillette)"]
[Site "?"]
[Date "2004.04.22"]
[Round "6.9"]
[White "Rambourg Juliette"]
[Black "Macarry Elodie"]
[Result "0-1"]
[WhiteElo "1430"]
[BlackElo "1650"]
[PlyCount "108"]
[EventDate "2004.??.??"]
[Source "www.chesslib.no"]
[SourceDate "2004.05.04"]

1. e4 e5 2. Nc3 Nf6 3. Bc4 Nxe4 4. Qh5 Nd6 5. Bb3 Nc6 6. Nb5 g6 7. Qf3 f5 8. Qd5 Qe7 9. Nxc7+ Kd8 10. Nxa8 b6 11. d3 Bb7 12. a4 h6 13. Qf3 Nd4 14. Qh3 e4 15. dxe4 Bxe4 16. Be3 f4 17. Bxf4 Bxg2+ 18. Qe3 Bxh1 19. Qxe7+ Bxe7 20. Be5 Nxb3 21. cxb3 Re8 22. f3 Bf6 23. Rc1 Bh4+ 24. Kf1 Rxe5 25. Nc7 Rf5 26. Ke2 Bf6 27. Na6 Bxb2 28. Rf1 Bd4 29. Nh3 Bg2 30. Rd1 Bxf3+ 31. Kd3 Bxd1 32. Kxd4 g5 33. Ke3 g4 34. Nf4 h5 35. Ng2 g3 36. Nb4 Bg4 37. Nd3 Rf3+ 38. Kd2 Ne4+ 39. Kc2 Bh3 40. Nh4 Rf1 41. Ne5 g2 42. Nxg2 Bxg2 43. Ng6 Rf6 44. Nh4 Bf1 45. Kd1 d5 46. a5 d4 47. b4 d3 48. axb6 axb6 49. h3 Rf2 50. b5 d2 51. Ng6 Be2+ 52. Kc2 d1=Q+ 53. Kb2 Bc4+ 54. Ka3 Qb3# 0-1

[Event "Corr"]
[Site "?"]
[Date "2001.09.19"]
[Round "?"]
[White "Ralchev Stoyan"]
[Black "Butler George"]
[Result "1-0"]
[WhiteElo "1862"]
[BlackElo "1137"]
[PlyCount "71"]
[EventDate "2001.??.??"]
[Source "www.chesslib.no"]
[SourceDate "2004.05.04"]

1. e4 e5 2. Nc3 Nf6 3. Bc4 Nxe4 4. Qh5 Nd6 5. Bb3 Nc6 6. Nb5 g6 7. Qf3 f5 8. Qd5 Qe7 9. Nxc7+ Kd8 10. Nxa8 b6 11. Nxb6 axb6 12. d3 Bb7 13. Qf3 e4 14. Qe2 Nd4 15. Qe3 exd3 16. Qxe7+ Bxe7 17. f3 dxc2 18. Be3 N6b5 19. Ne2 Bc5 20. Nxd4 Nxd4 21. Bxd4 Bxd4 22. Bxc2 Bxb2 23. Rd1 Re8+ 24. Kf2 Bc3 25. Rd3 Bb4 26. Ba4 Bc5+ 27. Kg3 Re7 28. h4 Ba6 29. Rdd1 d6 30. Rhe1 Rf7 31. Re8+ Kc7 32. Bb3 Rg7 33. Rde1 Kd7 34. Bd5 Bb4 35. R1e6 Bc5 36. Ra8 1-0